| 000 | 00663nam a22001817a 4500 | ||
|---|---|---|---|
| 999 |
_c177807 _d177807 |
||
| 005 | 20210304174349.0 | ||
| 010 | _aENG-129148 | ||
| 020 |
_c850.00 _a978-81-7371-981-3 |
||
| 035 | _aEN-112680 | ||
| 037 | _bDBAD/PUB | ||
| 082 |
_22nd _a531 |
||
| 100 | _aVerma, Mahendra | ||
| 245 |
_aIntroduction to Mechanics/ _cMahendra Verma |
||
| 260 |
_aHyderabad _bUniversities Press(India) Private Limited _c2019 |
||
| 270 |
_a3-6-747/1/A and 3-6-754/1, Himayatnagar, Hyderabad _bTelangana _e500029 _minfo@universitiespress.com |
||
| 300 |
_a16+608p. _c24cm(pbk) _bIncluding index, illustration and bibliographcal references |
||
| 942 |
_2ddc _cEN _h531 _mVER |
||